[Event "San Francisco TNM Winter op"]
[Site "San Francisco"]
[Date "2012.01.17"]
[Round "3"]
[White "Narayanan, Praveen"]
[Black "Persidsky, Andre"]
[Result "1-0"]
[WhiteElo "1986"]
[BlackElo "1795"]
[PlyCount "107"]
[EventDate "2012.01.03"]
[EventType "swiss"]
[EventRounds "8"]
[EventCountry "USA"]
[SourceTitle "EXT 2014"]
[Source "ChessBase"]
[SourceDate "2013.11.20"]
[SourceVersion "1"]
[SourceVersionDate "2013.11.20"]
[SourceQuality "1"]

1. Nf3 d5 2. c4 c6 3. d4 Nf6 4. Nc3 e6 5. e3 Bb4 6. Bd3 Nbd7 7. 0-0 0-0 8. a3 Bxc3 9. bxc3 Qc7 10. Nd2 e5 11. e4 Re8 12. Re1 Nxe4 13. Bxe4 dxe4 14. Nxe4 f5 15. Ng3 Nf6 16. Bg5 Ng4 17. h3 Nf6 18. Bxf6 gxf6 19. Qh5 Qf7 20. Qf3 Qg6 21. Rad1 e4 22. Qf4 Be6 23. d5 cxd5 24. cxd5 Bd7 25. c4 Rad8 26. Nf1 Re5 27. Ne3 b6 28. Qg3 Qxg3 29. fxg3 Kf7 30. Rf1 Rc8 31. Rf4 h5 32. Rc1 Kg6 33. Kf2 Kf7 34. Ke1 Rg8 35. Kf2 Rge8 36. Rc3 Kg6 37. Ke2 Kf7 38. Kd2 Rg8 39. Nf1 Rge8 40. Ke3 Rc8 41. Kd4 Rc5 42. Ne3 Kg6 43. g4 Kg5 44. g3 hxg4 45. hxg4 fxg4 46. Rxe4 Rxe4+ 47. Kxe4 Rc8 48. Kd4 Re8 49. Ng2 f5 50. Re3 Rxe3 51. Kxe3 Kf6 52. Kd4 Ba4 53. Nf4 Bd7 54. Nd3 1-0

[Event "San Francisco TNM Winter op"]
[Site "San Francisco"]
[Date "2012.01.03"]
[Round "1"]
[White "Narayanan, Praveen"]
[Black "Nelson, Christopher"]
[Result "1-0"]
[WhiteElo "1986"]
[BlackElo "1551"]
[PlyCount "67"]
[EventDate "2012.01.03"]
[EventType "swiss"]
[EventRounds "8"]
[EventCountry "USA"]
[SourceTitle "EXT 2014"]
[Source "ChessBase"]
[SourceDate "2013.11.20"]
[SourceVersion "1"]
[SourceVersionDate "2013.11.20"]
[SourceQuality "1"]

1. Nf3 f5 2. d3 Nf6 3. Nc3 e6 4. e4 fxe4 5. dxe4 Bb4 6. Bd3 d6 7. e5 dxe5 8. Nxe5 Qd5 9. Nf3 Nc6 10. Bd2 Bxc3 11. Bxc3 Bd7 12. Qe2 0-0-0 13. 0-0 Rde8 14. Rad1 Qh5 15. Ne5 Qxe2 16. Bxe2 Nxe5 17. Bxe5 Bc6 18. Rd4 Re7 19. Re1 Nd7 20. Bg3 h5 21. Bh4 g5 22. Bxg5 Rg7 23. h4 e5 24. Rd2 Nc5 25. f3 Ne6 26. Bf6 Rxg2+ 27. Kxg2 Nf4+ 28. Kg3 Rg8+ 29. Bg5 Ne6 30. Bc4 Rxg5+ 31. hxg5 Nxg5 32. Rxe5 Nxf3 33. Be6+ Kb8 34. Rd8# 1-0